000
00338nam a2200157Ia 4500
100
_a
Ruskin Bond
650
_a
Ficiton
942
_c
BK
366
_f
20
654
_a
vagrants
245
_a
Room on the roof and vagrants in the valley
260
_b
Penquin books
_c
1993
082
_a
808.83/RUS
300
_a
223
546
_a
ENGLISH
999
_c
20061
_d
20061